000 00865nas a2200313 4500
001 BR0402240
003 BR-BrBNA
005 20231205104515.0
007 ta
008 230509b bl.|||p| |||| 00| 00por d
040 _aBR-BrBNA
_bpor
_cBiblioteca Nacional de Agricultura
041 _a(Pt)
072 _aL73; L70; E
100 1 _aPinto, P.S. de A.
245 1 _aZoonoses causadas pela Escherichia coli
650 _aBACTÉRIA PATOGÊNICA
650 _aZOONOSE
650 _aSUÍNO
650 _aHOMEM
650 _aBEZERRO
650 _aGALINHA
650 _aELISA
650 _aDIAGNÓSTICO
650 _aISOLAMENTO ANIMAL
650 _aFEZES
773 0 _tCadernos Técnicos de Veterinária e Zootecnia (Brazil)
_xISSN 1676-6024
_g(Aug 2003), no. 41 p. 25-40
_wBR0402240
909 _a202311
_bLúcia
_c55
_dLúcia Elande
942 _2AGRIS
_n0
_cANA
999 _c178452
_d178452